header

First language attrition (Record no. 47677)

MARC details
000 -LEADER
fixed length control field 01493nam a2200337Ia 4500
082 04 - DEWEY DECIMAL CLASSIFICATION NUMBER
Classification number 306.44/6
245 10 - TITLE STATEMENT
Title First language attrition
260 ## - PUBLICATION, DISTRIBUTION, ETC. (IMPRINT)
Place of publication Philadelphia, Pa. :
Name of publisher John Benjamins Publishing,
Year of publication 2004.
300 ## - PHYSICAL DESCRIPTION
Number of Pages ix, 377 p.
490 1# - SERIES STATEMENT
Series statement Studies in bilingualism,
650 #0 - SUBJECT ADDED ENTRY--TOPICAL TERM
Topical Term Language attrition
Topical Term Bilingualism
700 1# - ADDED ENTRY--PERSONAL NAME
Personal name Schmid, Monika S.
856 40 - ELECTRONIC LOCATION AND ACCESS
Uniform Resource Identifier http://site.ebrary.com/lib/rucke/Doc?id=10064644

No items available.

© 2026 Rongo University
Contact us: librarian | system librarian | Rongo university